にゃんこ大戦争に登場する敵キャラ(100体) - Statistics

General Stats
  • This quiz has been taken 273 times
  • The average score is 24 of 100
Answer Stats
特徴 属性 敵キャラ名 % Correct
わんこ
95%
にょろ
82%
ボス級 ぶんぶん先生
65%
カバちゃん
59%
ボス級 カオル君
55%
ボス級 悪の帝王ニャンダム
54%
ブタヤロウ
53%
クマ先生
49%
例のヤツ
49%
ゴマさま
45%
メタル メタルカバちゃん
45%
殺意のわんこ
44%
ジャッキー・ペン
43%
ブラックマ
43%
ゴリさん
42%
カ・ンガリュ
42%
ガガガガ
42%
赤・浮 赤羅我王
40%
エイリワン
37%
パオン
36%
ウサ銀
36%
リッスントゥミー
35%
一角くん
35%
波動 コアラッキョ
33%
ワニック
32%
メタル メタルわんこ
32%
ボス級 赤・浮 レッドサイクロン
30%
メェメェ
29%
エ・浮 カヲルさん
29%
エリザベス2世
29%
ボス級 黒・浮 ブラックサイクロン
28%
ボス級 メタル メタルサイクロン
28%
ボス級 エンジェルサイクロン
27%
ブラッゴリ
25%
シャドウボクサー
23%
メタル 超メタルカバちゃん
23%
ボス級 ホワイトサイクロン
23%
メタル メタルゴマさま
22%
エ・浮 レディ・ガ
22%
ボス級・波動 エ・浮 パラサイトブンブン
22%
波動 エリザベス56世
22%
イノシャシ
21%
黒・浮 ブラックブンブン
21%
ボス級 エ・浮 スペースサイクロン
21%
ボス級 アンデッドサイクロン
21%
天使ガブリエル
21%
赤毛のにょろ
21%
カンバン娘
20%
ボス級 デビルサイクロン
20%
ダチョウ同好会
20%
はぐれたヤツ
20%
師匠
19%
赤・浮 赤井ブン太郎
19%
ボス級 ハリケーンサイクロン
19%
カーバチャン
19%
ボス級 エ・浮 破壊生物クオリネン
19%
だっふんど
18%
ボス級 スーパースペースサイクロン
18%
ボス級 エンシェントサイクロン
18%
ゴマサーマン
18%
クロサワ監督
16%
クマンチュー
16%
ボス級 エ・浮 反逆のヴァルキリー
16%
波動 バトルコアラッキョ
16%
イノヴァルカン
15%
セレブ
14%
メタル メタルサイボーグ
14%
天使カバちゃん
14%
ボス級 ウルフとウルルン
13%
天使ゴンザレス
13%
ワーニック
13%
アヒルンルン
12%
ボス級 コニャンダム
12%
ハサミーマン
12%
ボス級 ギャラクシーニャンダム
12%
波動 メタル メタルカオル君
11%
フルぼっこ
10%
ナカイくん
10%
ダディ
10%
ヤドカリー
10%
ナマルケモルル
9%
サイバーX
9%
ハイ・エナジー
8%
メタル 天使愛好家
8%
ブラッコ
8%
デカメガネル
8%
マンボーグ鈴木
6%
天使スレイプニール
6%
松 黒蔵
6%
ヨキカナ
6%
こぶへい
5%
ツバメンズ
5%
アルパッカ
5%
カベわんこ
4%
天使ヒオコエル
4%
カルピンチョ
4%
プードル夫人
3%
エ・浮 よっちゃん
3%
まゆげとり
1%
ド鳩・サブ・レー
1%
No matching quizzes found
Score Distribution
Percent of People with Each Score
Percentile by Number Answered
Your Score History
You have not taken this quiz